000 00445nam a2200181Ia 4500
001 3086
005 20260306144854.0
008 260306t1966||||xx |||||||||||||| ||spa||
041 _aESP
082 _a249.8
_bS17
100 _aSalinas, Jorge
_eAUT
245 0 _aMatrimonio celibato y laicado:
_b¿donde estan los laicos?
260 _c1966
300 _a69 páginas :
_c18 cm.
650 _aGEN
654 _aCHU
942 _cLIB
_dJUS
_fJUS
_2ddc
_n
999 _c3086
_d3086